[Event "Bayern-ch Seniors 24nd"]
[Site "Bergen"]
[Date "2012.06.20"]
[Round "5"]
[White "Gerdes, Hans"]
[Black "Anliker, Peter"]
[Result "1/2-1/2"]
[WhiteElo "1632"]
[BlackElo "1778"]
[PlyCount "61"]
[EventDate "2012.06.16"]
[EventType "swiss"]
[EventRounds "9"]
[EventCountry "GER"]
[SourceTitle "EXT 2015"]
[Source "ChessBase"]
[SourceDate "2014.11.20"]
[SourceVersion "1"]
[SourceVersionDate "2014.11.20"]
[SourceQuality "1"]

1. e4 c5 2. Nf3 d6 3. Nc3 Nc6 4. Be2 Nf6 5. 0-0 e6 6. d4 cxd4 7. Nxd4 Be7 8. Be3 0-0 9. Qd2 a6 10. Rad1 Qc7 11. f4 Nxd4 12. Bxd4 e5 13. Be3 Be6 14. Nd5 Bxd5 15. exd5 exf4 16. Rxf4 Rac8 17. Rc4 Qd7 18. Rd4 Bd8 19. Rf4 Re8 20. Bf3 Qb5 21. Bd4 Bb6 22. c3 Bxd4+ 23. Rxd4 Rc4 24. b3 Rxd4 25. Qxd4 b6 26. c4 Qc5 27. Qxc5 bxc5 28. Kf2 Kf8 29. a3 a5 30. Rd3 Nd7 31. Rc3 1/2-1/2

[Event "GER-chT Seniors 20th"]
[Site "Gladenbach"]
[Date "2011.09.17"]
[Round "7.3"]
[White "Anliker, Peter"]
[Black "Meyer, Heinz"]
[Result "1/2-1/2"]
[WhiteElo "1848"]
[BlackElo "1853"]
[PlyCount "24"]
[EventDate "2011.09.11"]
[EventType "team-swiss"]
[EventRounds "7"]
[EventCountry "GER"]
[SourceTitle "CBM 144 Extra"]
[Source "ChessBase"]
[SourceDate "2011.10.28"]
[SourceVersion "1"]
[SourceVersionDate "2011.10.28"]
[SourceQuality "1"]
[WhiteTeam "Bayern II"]
[BlackTeam "Schleswig Holstein II"]
[WhiteTeamCountry "GER"]
[BlackTeamCountry "GER"]

1. d4 d5 2. Nf3 c6 3. c4 Bf5 4. Nc3 e6 5. e3 Nf6 6. Bd3 Bxd3 7. Qxd3 Nbd7 8. 0-0 Bd6 9. e4 dxe4 10. Nxe4 Nxe4 11. Qxe4 Nf6 12. Qe2 h6 1/2-1/2

[Event "Bayern-ch Seniors 23rd"]
[Site "Bergen"]
[Date "2011.06.04"]
[Round "8"]
[White "Harke, Horst"]
[Black "Anliker, Peter"]
[Result "1/2-1/2"]
[WhiteElo "1749"]
[BlackElo "1868"]
[PlyCount "37"]
[EventDate "2011.05.28"]
[EventType "swiss"]
[EventRounds "9"]
[EventCountry "GER"]
[SourceTitle "EXT 2012"]
[Source "ChessBase"]
[SourceDate "2011.11.24"]
[SourceVersion "1"]
[SourceVersionDate "2011.11.24"]
[SourceQuality "1"]

1. d4 Nf6 2. c4 g6 3. Nc3 Bg7 4. e4 d6 5. Nf3 0-0 6. Be2 e5 7. d5 Nbd7 8. 0-0 Nc5 9. Nd2 a5 10. f3 Nh5 11. Nb3 b6 12. Nxc5 bxc5 13. g4 Nf4 14. Bxf4 exf4 15. Qe1 Bf6 16. Kg2 Bd7 17. Rh1 Bh4 18. Qd2 Qf6 19. Rad1 1/2-1/2

[Event "Bayern-ch Seniors 22nd"]
[Site "Bergen"]
[Date "2010.06.17"]
[Round "6"]
[White "Anliker, Peter"]
[Black "Muenzenberg, Dietrich"]
[Result "1/2-1/2"]
[WhiteElo "1855"]
[BlackElo "1604"]
[PlyCount "39"]
[EventDate "2010.06.12"]
[EventType "swiss"]
[EventRounds "9"]
[EventCountry "GER"]
[SourceTitle "EXT 2011"]
[Source "ChessBase"]
[SourceDate "2010.11.26"]
[SourceVersion "1"]
[SourceVersionDate "2010.11.26"]
[SourceQuality "1"]

1. d4 Nf6 2. Nf3 e6 3. c4 b6 4. g3 Bb7 5. Bg2 d5 6. 0-0 Be7 7. Re1 0-0 8. b3 Nc6 9. e3 Ne4 10. Nfd2 f5 11. Nxe4 fxe4 12. Bb2 Nb4 13. Bf1 Qe8 14. a3 Qf7 15. Qd2 Nd3 16. Bxd3 exd3 17. f4 dxc4 18. bxc4 Be4 19. Nc3 Bg6 20. Nd1 1/2-1/2

[Event "Bayern-ch Seniors 22nd"]
[Site "Bergen"]
[Date "2010.06.14"]
[Round "3"]
[White "Aigner, Georg"]
[Black "Anliker, Peter"]
[Result "1/2-1/2"]
[WhiteElo "1824"]
[BlackElo "1855"]
[PlyCount "36"]
[EventDate "2010.06.12"]
[EventType "swiss"]
[EventRounds "9"]
[EventCountry "GER"]
[SourceTitle "EXT 2011"]
[Source "ChessBase"]
[SourceDate "2010.11.26"]
[SourceVersion "1"]
[SourceVersionDate "2010.11.26"]
[SourceQuality "1"]

1. e4 c5 2. Nf3 d6 3. d4 cxd4 4. Nxd4 Nf6 5. Nc3 a6 6. Be2 e6 7. Qd3 Nbd7 8. Qg3 Qc7 9. 0-0 b5 10. a3 Bb7 11. Bd3 Rc8 12. f4 Nc5 13. Re1 h5 14. Nf3 d5 15. e5 Nfe4 16. Bxe4 Nxe4 17. Nxe4 dxe4 18. Nd4 g6 1/2-1/2

[Event "GER-chT Seniors 18th"]
[Site "Finsterbergen"]
[Date "2009.09.13"]
[Round "2"]
[White "Dushatskiy, Fedor"]
[Black "Anliker, Peter"]
[Result "1/2-1/2"]
[WhiteElo "2187"]
[BlackElo "2075"]
[PlyCount "55"]
[EventDate "2009.09.12"]
[EventType "team-swiss"]
[EventRounds "7"]
[EventCountry "GER"]
[SourceTitle "CBM 132 Extra"]
[Source "ChessBase"]
[SourceDate "2009.11.03"]
[SourceVersion "1"]
[SourceVersionDate "2009.11.03"]
[SourceQuality "1"]

1. d4 Nf6 2. Nf3 g6 3. c4 Bg7 4. Nc3 0-0 5. Bg5 h6 6. Bh4 d6 7. e3 c6 8. Be2 Nbd7 9. Qc2 Qc7 10. Rd1 Re8 11. 0-0 e5 12. dxe5 dxe5 13. Nd2 Nf8 14. a3 Bf5 15. Qc1 g5 16. Bg3 Ng6 17. f3 Qe7 18. Nde4 Red8 19. Bd3 Nxe4 20. Bxe4 Bxe4 21. fxe4 Rxd1 22. Rxd1 Rd8 23. b4 b6 24. h3 Rd7 25. Kh2 Qd8 26. Qc2 Rxd1 27. Nxd1 Bf8 28. Nb2 1/2-1/2

[Event "Bayern-ch Seniors 21st"]
[Site "Bergen"]
[Date "2009.06.25"]
[Round "6"]
[White "Rahn, Oskar"]
[Black "Anliker, Peter"]
[Result "1-0"]
[WhiteElo "2002"]
[BlackElo "1894"]
[PlyCount "77"]
[EventDate "2009.06.20"]
[EventType "swiss"]
[EventRounds "9"]
[EventCountry "GER"]
[SourceTitle "EXT 2015"]
[Source "ChessBase"]
[SourceDate "2014.11.20"]
[SourceVersion "1"]
[SourceVersionDate "2014.11.20"]
[SourceQuality "1"]

1. e4 c5 2. Nf3 d6 3. d4 cxd4 4. Nxd4 Nf6 5. Nc3 a6 6. Be2 e6 7. Be3 Be7 8. a4 Nc6 9. f4 Qc7 10. 0-0 0-0 11. Nb3 b6 12. Bf3 Rb8 13. Qe2 Re8 14. Qf2 Nd7 15. Ne2 Nc5 16. Nbd4 Nxd4 17. Bxd4 e5 18. Be3 Bb7 19. Nc3 exf4 20. Bxf4 Bf6 21. Rad1 Be5 22. Qd2 Rbd8 23. b4 Ne6 24. Bxe5 dxe5 25. Nd5 Bxd5 26. exd5 Nd4 27. c3 Nxf3+ 28. Rxf3 Qd6 29. c4 Rc8 30. Rc1 Re7 31. Rb3 f5 32. Qd3 g6 33. a5 Rd7 34. axb6 Qxb6+ 35. c5 Qb7 36. d6 Qc6 37. Ra1 Ra8 38. Rba3 Rda7 39. Qc4+ 1-0

[Event "Bayern-ch Seniors 21st"]
[Site "Bergen"]
[Date "2009.06.24"]
[Round "5"]
[White "Anliker, Peter"]
[Black "Riedel, Lutz"]
[Result "1/2-1/2"]
[WhiteElo "1894"]
[BlackElo "1995"]
[PlyCount "56"]
[EventDate "2009.06.20"]
[EventType "swiss"]
[EventRounds "9"]
[EventCountry "GER"]
[SourceTitle "EXT 2015"]
[Source "ChessBase"]
[SourceDate "2014.11.20"]
[SourceVersion "1"]
[SourceVersionDate "2014.11.20"]
[SourceQuality "1"]

1. d4 d5 2. Nf3 Nf6 3. c4 c6 4. Nc3 g6 5. cxd5 Nxd5 6. e4 Nxc3 7. bxc3 Bg7 8. Rb1 0-0 9. Be2 c5 10. 0-0 Qc7 11. Be3 Nd7 12. e5 Rd8 13. Qc1 cxd4 14. cxd4 Qxc1 15. Rfxc1 Nb6 16. Bg5 Kf8 17. Rc5 Nd5 18. Rbb5 Nb6 19. Rc7 Rd7 20. Rcc5 e6 21. Bd2 Ke8 22. Rb1 Rd5 23. Rxd5 Nxd5 24. Ng5 f6 25. exf6 Bxf6 26. Bg4 b6 27. Re1 Bxg5 28. Bxg5 Kf7 1/2-1/2

[Event "Bayern-ch Seniors 21st"]
[Site "Bergen"]
[Date "2009.06.22"]
[Round "3"]
[White "Anliker, Peter"]
[Black "Goy, Udo"]
[Result "1/2-1/2"]
[WhiteElo "1894"]
[BlackElo "2111"]
[PlyCount "60"]
[EventDate "2009.06.20"]
[EventType "swiss"]
[EventRounds "9"]
[EventCountry "GER"]
[SourceTitle "EXT 2015"]
[Source "ChessBase"]
[SourceDate "2014.11.20"]
[SourceVersion "1"]
[SourceVersionDate "2014.11.20"]
[SourceQuality "1"]

1. d4 Nf6 2. Nf3 b6 3. g3 Bb7 4. Bg2 c5 5. 0-0 e6 6. c4 Be7 7. Nc3 0-0 8. d5 exd5 9. Nh4 d6 10. cxd5 Re8 11. e4 Bf8 12. Nf5 Nbd7 13. Re1 a6 14. a4 c4 15. Bf1 Rc8 16. f3 Nc5 17. Ne3 Nb3 18. Ra3 Na5 19. Bd2 Nd7 20. Nb1 Nb3 21. Bxc4 Nxd2 22. Qxd2 g6 23. Be2 Bh6 24. Qb4 a5 25. Qd2 Nc5 26. Qd1 Rc7 27. Bb5 Rf8 28. Nc4 Re7 29. Nc3 f6 30. Ra1 Qc7 1/2-1/2

[Event "Unterfranken-ch Seniors 59th"]
[Site "Rieneck"]
[Date "2008.03.25"]
[Round "2"]
[White "Anliker, Peter"]
[Black "Deck, Klaus"]
[Result "1/2-1/2"]
[WhiteElo "1891"]
[BlackElo "1879"]
[PlyCount "60"]
[EventDate "2008.03.24"]
[EventType "tourn"]
[EventRounds "7"]
[EventCountry "GER"]
[SourceTitle "EXT 2015"]
[Source "ChessBase"]
[SourceDate "2014.11.20"]
[SourceVersion "1"]
[SourceVersionDate "2014.11.20"]
[SourceQuality "1"]

1. d4 Nf6 2. Nf3 g6 3. c4 Bg7 4. Nc3 0-0 5. e4 d6 6. Be2 e5 7. 0-0 Nc6 8. d5 Ne7 9. b4 Ne8 10. Ne1 f5 11. f3 Kh8 12. Nd3 f4 13. c5 g5 14. a4 Rf6 15. Ba3 h5 16. Rc1 Ng8 17. Nf2 Rg6 18. h3 Nh6 19. Nb1 g4 20. fxg4 hxg4 21. Nxg4 Bxg4 22. Bxg4 Nxg4 23. hxg4 Qh4 24. Rc3 Rxg4 25. Rff3 Qg5 26. Qe2 Nf6 27. Nd2 Nh5 28. Rh3 Kg8 29. Nf3 Qg6 30. Nh4 Qg5 1/2-1/2

[Event "GER-chT Seniors 16th"]
[Site "Halle"]
[Date "2007.09.18"]
[Round "6.2"]
[White "Jagdhuber, Hans"]
[Black "Anliker, Peter"]
[Result "1-0"]
[WhiteElo "2023"]
[BlackElo "2106"]
[PlyCount "71"]
[EventDate "2007.09.13"]
[EventType "team-tourn"]
[EventRounds "7"]
[EventCountry "GER"]
[SourceTitle "EXT 2008"]
[Source "ChessBase"]
[SourceDate "2007.11.25"]
[SourceVersion "1"]
[SourceVersionDate "2007.11.25"]
[SourceQuality "1"]

1. c4 Nf6 2. Nc3 g6 3. g3 Bg7 4. Bg2 0-0 5. Rb1 d6 6. b4 e5 7. e4 Bg4 8. f3 Be6 9. d3 h6 10. Nge2 Qd7 11. Be3 Kh7 12. 0-0 Bh3 13. Nd5 Bxg2 14. Kxg2 Ng8 15. b5 c6 16. Ndc3 f5 17. Qb3 Rf7 18. a4 Nf6 19. h3 g5 20. exf5 d5 21. cxd5 Nxd5 22. Nxd5 cxd5 23. g4 d4 24. Bf2 Qe8 25. Ng3 Nd7 26. Ne4 Bf8 27. h4 Nc5 28. Nxc5 Bxc5 29. hxg5 hxg5 30. Rh1+ Kg7 31. Rh5 Be7 32. Rbh1 Bf6 33. Rh6 Qe7 34. Be1 Rc8 35. Bb4 Qc7 36. Rg6# 1-0

[Event "GER-chT Seniors 16th"]
[Site "Halle"]
[Date "2007.09.13"]
[Round "1.2"]
[White "Anliker, Peter"]
[Black "Walkewitz, Hubert"]
[Result "1/2-1/2"]
[WhiteElo "2106"]
[BlackElo "2232"]
[PlyCount "114"]
[EventDate "2007.09.13"]
[EventType "team-tourn"]
[EventRounds "7"]
[EventCountry "GER"]
[SourceTitle "EXT 2008"]
[Source "ChessBase"]
[SourceDate "2007.11.25"]
[SourceVersion "1"]
[SourceVersionDate "2007.11.25"]
[SourceQuality "1"]

1. d4 f5 2. g3 Nf6 3. Bg2 g6 4. Nf3 Bg7 5. 0-0 d6 6. b4 0-0 7. Bb2 c6 8. c4 a5 9. a3 Nbd7 10. Nbd2 Nh5 11. Qc2 Ndf6 12. Rfe1 f4 13. e4 fxg3 14. hxg3 Ng4 15. Nf1 e5 16. dxe5 dxe5 17. Ne3 Qe7 18. c5 Be6 19. Nxg4 Bxg4 20. Nh2 Bd7 21. Rad1 Rf7 22. Rd3 axb4 23. axb4 b6 24. Red1 Be6 25. cxb6 Raf8 26. Bf3 Qxb4 27. Ba3 Qxb6 28. Bxf8 Bxf8 29. Rb1 Qc7 30. Rc3 c5 31. Be2 Rd7 32. Bc4 Bxc4 33. Rxc4 Qd8 34. Nf3 Qf6 35. Rc3 Ng7 36. Rd3 Rc7 37. Qc4+ Qe6 38. Rc1 Qxc4 39. Rxc4 Ne6 40. Nxe5 Rb7 41. Nf3 g5 42. Rd2 g4 43. Ne5 Nd4 44. Kg2 h5 45. f4 gxf3+ 46. Nxf3 Ne6 47. Ra2 Kf7 48. Rca4 Rb4 49. Ra7+ Kf6 50. e5+ Kf5 51. Re2 Kg6 52. Rea2 Kf5 53. Rf7+ Ke4 54. Rf6 Rb6 55. Re2+ Kd3 56. Kf1 c4 57. Ne1+ Kd4 1/2-1/2

[Event "Bayern-ch Seniors 19th"]
[Site "Schloss Schney"]
[Date "2007.06.19"]
[Round "8"]
[White "Anliker, Peter"]
[Black "Beck, Gerhard"]
[Result "1-0"]
[WhiteElo "1934"]
[BlackElo "1914"]
[PlyCount "109"]
[EventDate "2007.06.12"]
[EventType "swiss"]
[EventRounds "9"]
[EventCountry "GER"]
[SourceTitle "EXT 2008"]
[Source "ChessBase"]
[SourceDate "2007.11.25"]
[SourceVersion "1"]
[SourceVersionDate "2007.11.25"]
[SourceQuality "1"]

1. d4 Nf6 2. Nf3 g6 3. c4 Bg7 4. Nc3 d6 5. e4 0-0 6. Be2 Nbd7 7. 0-0 c6 8. Re1 e5 9. Bf1 Re8 10. Rb1 Qe7 11. d5 c5 12. a3 a6 13. b4 Qd8 14. Nd2 b6 15. Be2 h6 16. Nf1 Nh7 17. Qc2 Rf8 18. Ne3 Ndf6 19. bxc5 bxc5 20. Qb3 Re8 21. Bd2 Bf8 22. Qb6 Bd7 23. Qxd8 Rexd8 24. Rb7 Rdb8 25. Reb1 Rxb7 26. Rxb7 Bc8 27. Rb2 Bd7 28. Bd1 Kg7 29. f3 Ra7 30. Rb8 Be7 31. Na4 Bxa4 32. Bxa4 Nf8 33. Bc6 h5 34. Rb7 Rxb7 35. Bxb7 Bd8 36. Bxa6 N6d7 37. Bb5 Kf6 38. Kf2 Ke7 39. Ke2 Bc7 40. a4 Bb6 41. a5 Ba7 42. h3 Nh7 43. h4 Kd8 44. g4 hxg4 45. fxg4 Ndf6 46. Kf3 Kc7 47. Nf1 Kd8 48. Ng3 Kc7 49. Ne2 Bb8 50. Nc1 Kb7 51. g5 Bc7 52. gxf6 Nxf6 53. Nd3 Kc8 54. Nf2 Nh5 55. Be8 1-0

[Event "Bayern-ch Seniors 19th"]
[Site "Schloss Schney"]
[Date "2007.06.17"]
[Round "7"]
[White "Geisensetter, Franz"]
[Black "Anliker, Peter"]
[Result "1-0"]
[WhiteElo "1946"]
[BlackElo "1934"]
[PlyCount "83"]
[EventDate "2007.06.12"]
[EventType "swiss"]
[EventRounds "9"]
[EventCountry "GER"]
[SourceTitle "EXT 2008"]
[Source "ChessBase"]
[SourceDate "2007.11.25"]
[SourceVersion "1"]
[SourceVersionDate "2007.11.25"]
[SourceQuality "1"]

1. e4 c5 2. Nf3 d6 3. Bc4 e6 4. 0-0 Nf6 5. Nc3 Be7 6. d4 cxd4 7. Nxd4 0-0 8. Be3 Qc7 9. Bd3 a6 10. f4 b5 11. a3 e5 12. fxe5 dxe5 13. Nf5 Bxf5 14. Rxf5 Bc5 15. Bxc5 Qxc5+ 16. Kh1 Qe7 17. Qf3 Nbd7 18. Rf1 Nb6 19. Qe3 Nfd7 20. Qg3 Kh8 21. h4 g6 22. R5f2 Rac8 23. h5 Rc6 24. Qh3 Qg5 25. Rxf7 Rxf7 26. Rxf7 Qxh5 27. Qxh5 gxh5 28. Nd5 Rd6 29. Nxb6 Nxb6 30. Rf5 Na4 31. b3 Nc5 32. Rf3 Kg7 33. Kg1 Rd4 34. b4 Ne6 35. g3 Ng5 36. Rf5 Nxe4 37. Rxe5 Nd6 38. Rxh5 h6 39. Rc5 Ne4 40. Rc7+ Kf6 41. Rc6+ Rd6 42. Bxe4 1-0

[Event "GER-chT Seniors 15th"]
[Site "Bad Blankenburg"]
[Date "2006.09.08"]
[Round "6.4"]
[White "Anliker, Peter"]
[Black "Niebling, Ferdinand"]
[Result "1/2-1/2"]
[WhiteElo "2101"]
[BlackElo "2201"]
[PlyCount "97"]
[EventDate "2006.09.03"]
[EventType "team-swiss"]
[EventRounds "7"]
[EventCountry "GER"]
[SourceTitle "CBM 114 Extra"]
[Source "ChessBase"]
[SourceDate "2006.11.03"]
[SourceVersion "1"]
[SourceVersionDate "2006.11.03"]
[SourceQuality "1"]

1. d4 f5 2. g3 Nf6 3. Bg2 g6 4. Nf3 Bg7 5. 0-0 d6 6. b4 0-0 7. Bb2 c6 8. c4 Qe8 9. Qc2 Na6 10. a3 Nc7 11. Nbd2 Bd7 12. Rae1 Rc8 13. e4 fxe4 14. Nxe4 Nxe4 15. Qxe4 Bf5 16. Qe2 Qd7 17. Qxe7 Qxe7 18. Rxe7 Bd3 19. Rc1 Rfe8 20. Rxe8+ Rxe8 21. Rc3 Be2 22. Bf1 c5 23. bxc5 dxc5 24. Bxe2 Rxe2 25. Rb3 b6 26. Bc3 Rc2 27. Ne5 Rxc3 28. Rxc3 cxd4 29. Rb3 Bxe5 30. a4 Kf7 31. a5 bxa5 32. Ra3 Ke6 33. Kf1 Kd6 34. Ke2 Kc6 35. Rxa5 Bd6 36. Rxa7 Kb6 37. Ra1 Na6 38. f4 Bb4 39. f5 gxf5 40. Rf1 Nc5 41. Rxf5 d3+ 42. Kd1 Bc3 43. g4 d2 44. Kc2 Kc6 45. g5 Nd3 46. Rd5 Nb4+ 47. Kxc3 Nxd5+ 48. cxd5+ Kxd5 49. Kxd2 1/2-1/2

[Event "GER-chT Seniors 15th"]
[Site "Bad Blankenburg"]
[Date "2006.09.04"]
[Round "2.4"]
[White "Anliker, Peter"]
[Black "Schmidt, Lothar"]
[Result "1/2-1/2"]
[WhiteElo "2101"]
[BlackElo "2051"]
[PlyCount "39"]
[EventDate "2006.09.03"]
[EventType "team-swiss"]
[EventRounds "7"]
[EventCountry "GER"]
[SourceTitle "CBM 114 Extra"]
[Source "ChessBase"]
[SourceDate "2006.11.03"]
[SourceVersion "1"]
[SourceVersionDate "2006.11.03"]
[SourceQuality "1"]

1. d4 f5 2. g3 Nf6 3. Bg2 g6 4. Nf3 Bg7 5. 0-0 0-0 6. b4 c6 7. Bb2 Na6 8. a3 Nc7 9. c4 Kh8 10. Qc2 d6 11. Nbd2 Be6 12. Rac1 Rc8 13. Ng5 d5 14. Nxe6 Nxe6 15. Rcd1 Ng5 16. f3 Qd7 17. Nb3 b6 18. Bc1 Nf7 19. e4 e6 20. Bf4 1/2-1/2

[Event "Bayern-ch Seniors 18th"]
[Site "Schloss Schney"]
[Date "2006.06.28"]
[Round "4"]
[White "Anliker, Peter"]
[Black "Baumann, Walter"]
[Result "1-0"]
[WhiteElo "1947"]
[BlackElo "1701"]
[PlyCount "41"]
[EventDate "2006.06.25"]
[EventType "swiss"]
[EventRounds "9"]
[EventCountry "GER"]
[SourceTitle "EXT 2007"]
[Source "ChessBase"]
[SourceDate "2006.11.23"]
[SourceVersion "1"]
[SourceVersionDate "2006.11.23"]
[SourceQuality "1"]

1. d4 Nf6 2. Nf3 g6 3. c4 Bg7 4. Nc3 0-0 5. e4 d6 6. Be2 c5 7. d5 Na6 8. 0-0 Bd7 9. Ne1 Ne8 10. Be3 f5 11. Qd2 fxe4 12. Nxe4 Nf6 13. Ng3 e5 14. dxe6 Bxe6 15. Rd1 Ne8 16. Ne4 Qh4 17. Ng5 Bg4 18. Qd5+ Kh8 19. Nef3 Qh5 20. h3 Bxf3 21. Bxf3 1-0

[Event "Bayern-ch Seniors 18th"]
[Site "Schloss Schney"]
[Date "2006.06.27"]
[Round "3"]
[White "Fritsch, Wolfgang"]
[Black "Anliker, Peter"]
[Result "1/2-1/2"]
[WhiteElo "1729"]
[BlackElo "1947"]
[PlyCount "54"]
[EventDate "2006.06.25"]
[EventType "swiss"]
[EventRounds "9"]
[EventCountry "GER"]
[SourceTitle "EXT 2007"]
[Source "ChessBase"]
[SourceDate "2006.11.23"]
[SourceVersion "1"]
[SourceVersionDate "2006.11.23"]
[SourceQuality "1"]

1. e4 c5 2. Nf3 d6 3. d4 cxd4 4. Nxd4 Nf6 5. Nc3 a6 6. Be2 e6 7. Be3 Be7 8. 0-0 0-0 9. Qd2 Qc7 10. f3 Nc6 11. Nxc6 Qxc6 12. Rac1 b5 13. Nb1 d5 14. exd5 Nxd5 15. Bf2 Bc5 16. Bxc5 Qxc5+ 17. Kh1 Bb7 18. Bd3 Qb4 19. c3 Qe7 20. Be4 Rfd8 21. Qf2 Rac8 22. Rfe1 Nf6 23. Bxb7 Qxb7 24. Rcd1 Qc7 25. Qe2 h6 26. Rxd8+ Rxd8 27. Rd1 Rd5 1/2-1/2

[Event "Bayern-ch Seniors 18th"]
[Site "Schloss Schney"]
[Date "2006.06.26"]
[Round "2"]
[White "Anliker, Peter"]
[Black "Van Bellen, Hendrik"]
[Result "1-0"]
[WhiteElo "1947"]
[BlackElo "1731"]
[PlyCount "39"]
[EventDate "2006.06.25"]
[EventType "swiss"]
[EventRounds "9"]
[EventCountry "GER"]
[SourceTitle "EXT 2007"]
[Source "ChessBase"]
[SourceDate "2006.11.23"]
[SourceVersion "1"]
[SourceVersionDate "2006.11.23"]
[SourceQuality "1"]

1. d4 f5 2. g3 g6 3. Bg2 Bg7 4. Nf3 d6 5. 0-0 c6 6. c4 Nh6 7. Nc3 Nf7 8. e4 0-0 9. exf5 Bxf5 10. d5 c5 11. Re1 Nd7 12. Nh4 Nfe5 13. Nxf5 Rxf5 14. Qe2 Kf8 15. f4 Nxc4 16. Qxc4 Nb6 17. Qe4 Bxc3 18. bxc3 Nxd5 19. g4 Nf6 20. Qe2 1-0

[Event "Bayern-ch Seniors 18th"]
[Site "Schloss Schney"]
[Date "2006.06.25"]
[Round "1"]
[White "Porkristl, Werner"]
[Black "Anliker, Peter"]
[Result "1/2-1/2"]
[WhiteElo "1635"]
[BlackElo "1947"]
[PlyCount "39"]
[EventDate "2006.06.25"]
[EventType "swiss"]
[EventRounds "9"]
[EventCountry "GER"]
[SourceTitle "EXT 2007"]
[Source "ChessBase"]
[SourceDate "2006.11.23"]
[SourceVersion "1"]
[SourceVersionDate "2006.11.23"]
[SourceQuality "1"]

1. e4 c5 2. Nc3 Nc6 3. Nge2 g6 4. Ng3 Bg7 5. Be2 Nf6 6. 0-0 0-0 7. d3 d6 8. Bd2 Rb8 9. Qc1 Nd4 10. Bd1 Re8 11. f4 e6 12. Be3 Nd7 13. Nce2 b5 14. c3 Nxe2+ 15. Bxe2 f5 16. a3 Bb7 17. Bf3 Nf6 18. Qc2 Qc7 19. Rac1 Rbc8 20. Rcd1 1/2-1/2

[Event "GER-chT Seniors 14th"]
[Site "Sottrum"]
[Date "2005.09.19"]
[Round "2"]
[White "Kuehn, Peter1"]
[Black "Anliker, Peter"]
[Result "1/2-1/2"]
[WhiteElo "2376"]
[BlackElo "2087"]
[PlyCount "33"]
[EventDate "2005.09.18"]
[EventType "team-swiss"]
[EventRounds "7"]
[EventCountry "GER"]
[SourceTitle "CBM 108 Extra"]
[Source "ChessBase"]
[SourceDate "2005.11.04"]
[SourceVersion "1"]
[SourceVersionDate "2005.11.04"]
[SourceQuality "1"]

1. e4 c5 2. Nf3 d6 3. d4 cxd4 4. Nxd4 Nf6 5. Nc3 a6 6. Be2 e6 7. 0-0 Be7 8. Kh1 0-0 9. f4 Nc6 10. Be3 Qc7 11. Nb3 b5 12. Bf3 Bb7 13. Qe1 Rac8 14. Rc1 Rfe8 15. Qg3 b4 16. Na4 Nd8 17. Nd2 1/2-1/2

[Event "Bayern-ch Seniors 17th"]
[Site "Schloss Schney"]
[Date "2005.06.14"]
[Round "5"]
[White "Goy, Udo"]
[Black "Anliker, Peter"]
[Result "1/2-1/2"]
[WhiteElo "2118"]
[BlackElo "1932"]
[PlyCount "82"]
[EventDate "2005.06.10"]
[EventType "swiss"]
[EventRounds "9"]
[EventCountry "GER"]
[SourceTitle "EXT 2006"]
[Source "ChessBase"]
[SourceDate "2005.11.24"]
[SourceVersion "1"]
[SourceVersionDate "2005.11.24"]
[SourceQuality "1"]

1. d4 Nf6 2. c4 g6 3. Nc3 Bg7 4. e4 d6 5. Be2 0-0 6. Nf3 e5 7. 0-0 Nc6 8. d5 Ne7 9. Kh1 Ne8 10. Ng1 f5 11. f4 Nf6 12. fxe5 dxe5 13. Nf3 Nxe4 14. Nxe4 fxe4 15. Ng5 Rxf1+ 16. Qxf1 Qf8 17. Qxf8+ Bxf8 18. Nxe4 Bf5 19. Nc3 a6 20. Be3 Rd8 21. Rd1 Kg7 22. Bf3 Ng8 23. Bf2 Nf6 24. h3 h5 25. Bh4 Re8 26. a3 e4 27. Be2 Bd6 28. Bg5 e3 29. Rf1 Be5 30. Bf4 Bxf4 31. Rxf4 Ne4 32. Nxe4 Rxe4 33. Rf3 Re5 34. Rf1 Be4 35. Kh2 Rg5 36. g4 h4 37. Rc1 Re5 38. Rc3 Bf3 39. Bxf3 e2 40. Bxe2 Rxe2+ 41. Kg1 Rxb2 1/2-1/2

[Event "Bayern-ch Seniors 17th"]
[Site "Schloss Schney"]
[Date "2005.06.13"]
[Round "4"]
[White "Anliker, Peter"]
[Black "Reichwald, Klaus Dieter"]
[Result "1-0"]
[WhiteElo "1932"]
[BlackElo "1717"]
[PlyCount "81"]
[EventDate "2005.06.10"]
[EventType "swiss"]
[EventRounds "9"]
[EventCountry "GER"]
[SourceTitle "EXT 2006"]
[Source "ChessBase"]
[SourceDate "2005.11.24"]
[SourceVersion "1"]
[SourceVersionDate "2005.11.24"]
[SourceQuality "1"]

1. d4 Nf6 2. Nf3 g6 3. c4 Bg7 4. Nc3 0-0 5. e4 d6 6. Be2 Nc6 7. d5 Nb8 8. 0-0 e5 9. Ne1 Ne8 10. Nd3 f5 11. f3 f4 12. b4 Rf7 13. Bd2 g5 14. Rc1 Bf8 15. c5 h5 16. Nb5 Rg7 17. Nf2 Nf6 18. h3 a6 19. Na3 Qe8 20. cxd6 Bxd6 21. Nc4 Nbd7 22. Nxd6 cxd6 23. Rc7 Kh8 24. Qc2 Rg8 25. a4 Qg6 26. Rc1 Qe8 27. b5 Nh7 28. bxa6 bxa6 29. Qc6 Rb8 30. Qxd6 Ndf6 31. Bc3 g4 32. fxg4 hxg4 33. hxg4 Bxg4 34. Bxg4 Nxg4 35. Nxg4 Rxg4 36. Bxe5+ Kg8 37. Re7 Qh5 38. Qxb8+ Nf8 39. Rg7+ Rxg7 40. Bxg7 Kxg7 41. Qxf4 1-0

[Event "Bayern-ch Seniors 16th"]
[Site "Schloss Schney"]
[Date "2004.06.14"]
[Round "9"]
[White "Thieme, Hans"]
[Black "Anliker, Peter"]
[Result "1/2-1/2"]
[WhiteElo "2011"]
[BlackElo "1905"]
[PlyCount "56"]
[EventDate "2004.06.06"]
[EventType "swiss"]
[EventRounds "9"]
[EventCountry "GER"]
[SourceTitle "EXT 2006"]
[Source "ChessBase"]
[SourceDate "2005.11.24"]
[SourceVersion "1"]
[SourceVersionDate "2005.11.24"]
[SourceQuality "1"]

1. e4 c5 2. Ne2 d6 3. g3 Nf6 4. Bg2 Nc6 5. 0-0 e6 6. h3 Be7 7. Nbc3 a6 8. a4 0-0 9. Kh2 Qc7 10. d3 Rb8 11. Be3 b5 12. axb5 axb5 13. f4 b4 14. Na4 Nd7 15. g4 Nb6 16. Nxb6 Qxb6 17. g5 Nd4 18. h4 Bb7 19. b3 Ra8 20. Qd2 Rxa1 21. Rxa1 Ra8 22. Rxa8+ Bxa8 23. Nxd4 cxd4 24. Bf2 Qc5 25. Be1 d5 26. exd5 Bxd5 27. Bxd5 Qxd5 28. Qg2 Qc5 1/2-1/2